| 000 | 01242njm a2200301 i 4500 | ||
|---|---|---|---|
| 001 | 4577 | ||
| 003 | ES-MaACL | ||
| 005 | 20240620063039.0 | ||
| 007 | s|r||||||||||| | ||
| 008 | 041209s1982 sp ||| g ||||||||1|nspa d | ||
| 100 | 1 |
_aNieves, Julio. _985730 |
|
| 245 | 1 | 0 |
_aPresentación del libro "Corona hostigada" de Ronald Cueto _h[Grabación sonora] / _cintervienene Julio Nieves, Enrique Barón y del propio autor. |
| 260 |
_aMadrid : _bAteneo de Madrid, _c1982. |
||
| 300 |
_a2 discos (CD-DA) (1 h. 13 min. 49 seg.) ; _c12 cm. |
||
| 500 | _aDatos basados en invitación. | ||
| 518 | _aActo organizado por el Ateneo de Madrid en colaboración con Ocariz Editor, grabado el miércoles 14 de julio de 1982, a las 20:00 h. | ||
| 600 | 0 | 4 |
_aJuan Carlos _bI, _cRey de España _967108 |
| 610 | 2 | 4 |
_aAteneo de Madrid- _xActos culturales- _y1982- _vGrabaciones sonoras. _91895 |
| 651 | 4 |
_aEspaña- _xHistoria- _yS.XX. _9138832 |
|
| 700 | 1 |
_aBarón, Enrique, _d1944- _925767 |
|
| 700 | 1 |
_aCueto Ruiz, Ronald. _942081 |
|
| 710 | 2 |
_aAteneo de Madrid. _91875 |
|
| 710 | 2 |
_aOcariz. _96010 |
|
| 852 |
_aES-MaACL _jROT 5/1/3 _94694 _cROT |
||
| 852 |
_aES-MaACL _jROT 5/1/4 _9203618 _cROT |
||
| 942 |
_2udc _cCDROM _n0 |
||
| 999 |
_c4577 _d4577 |
||